00872nam a22002417a 450000500170000001000150001702000260003203500140005803700090007208200130008124500910009425000060018526000480019127000390023930000200027870000350029870000370033370000330037070000300040394200240043399900190045795201540047620241129143542.0 aENG-142729 c600.00a9789392150968 aEN-126261 bDBAD a332.121 aDigitalisation of the banking and financial system/cEdited by T M Hemalatha...[et.al] a1 aTamil NadubMind Reading Publicationsc2024 aVasantha NagarbTamil Nadue625003 a327p.c25cm(pb) aHemalatha, T M eEditor974398 aSaravanakumar, A eEditor974399 aLavanya, R T eEditor974400 aRakesh, J eEditor974401 2ddccENh332.1mDIG c207241d207241 001040708NFICaAVbAVd2024-11-29eDelivery of Books Act Divisiong600.00l0o332.1 DIGpEN-126261r2024-11-29 00:00:00t1v600.00w2024-11-29yEN